00499nam a2200169 a 450008200130000010000180001324500470003126000350007830000090011350000350012250500200015765000180017770000180019594200070021395200940022099900150031400a221bSTA aStaack, Hagen aLiving Personalities of the Old Testament. aNew YorkbHarper and Rowc1952 a145p aincludes index and biblioraphy2 aIndex of Author aBible Stories1 aStaack, Hagen cBK 00104070aHMIbHMId2007-06-20g7.00l0o221.92 STAp05678r2007-06-20w2026-01-16yBK c3603d3603